000 00497nam a22001937a 4500
003 OSt
005 20220818101553.0
008 220818b |||||||| |||| 00| 0 eng d
020 _a8178530198
040 _cIFM Library
082 _a005.3
100 _aMcConnell, Steve
_94417
245 _aSotware Project:Survival Guide
260 _aIndia:
_bWP Publishers,
_c1998
300 _axi, 288p.: ill.; 23cm.
500 _aInclude Index
650 _aSoftware Project
_94418
942 _cBK
_2ddc
_n0
999 _c13781
_d13781